000 00899nam a2200229Ia 4500
001 12490
003 GE_BSU
008 181216s||||||||xx |||||||||||||| ||und||
040 _cGE_BSU
080 _a581.9
100 _aСердюков,Б.В.
245 _aДекоративные травянистые растения дикорастущей флоры Кавказа
245 _bკავკასიის ველური ფლორის დეკორატიული ბალახოვანი მცენარეები
245 _cРед.Г.А.Джакели
260 _aТбилиси
260 _bМецниереба
260 _c1972
300 _a210стр.22см.Рис.42.
300 _eТаблицы
653 _aДекоративные травянистые растения дикорастущей флоры Кавказа
942 _cBK
999 _c45664
_d45664